[Event "Penang op-B 9th"]
[Site "Penang"]
[Date "2017.12.05"]
[Round "2"]
[White "Wong, Zhenyong Jayden"]
[Black "Chong, Hui Yi"]
[Result "1-0"]
[WhiteElo "1688"]
[BlackElo "1325"]
[PlyCount "53"]
[EventDate "2017.12.04"]
[EventType "swiss"]
[EventRounds "9"]
[EventCountry "MAS"]
[SourceTitle "CBM 182 Extra"]
[Source "ChessBase"]
[SourceDate "2018.02.23"]
[SourceVersion "1"]
[SourceVersionDate "2018.02.23"]
[SourceQuality "1"]

1. e4 c5 2. Nf3 Nc6 3. c3 d6 4. d4 cxd4 5. cxd4 Nf6 6. Nc3 g6 7. h3 Bg7 8. Be3 Bd7 9. Rc1 0-0 10. d5 Nb8 11. Bd3 Re8 12. 0-0 h6 13. Qd2 Kh7 14. e5 dxe5 15. Nxe5 Rf8 16. f4 Ng8 17. h4 h5 18. Qe2 f5 19. Rf3 e6 20. Bf2 Bxe5 21. fxe5 exd5 22. e6 Re8 23. Rxf5 Bxe6 24. Qxh5+ gxh5 25. Rf7+ Kh6 26. Be3+ Qg5 27. hxg5# 1-0